Notarii and exceptores: an inquiry into role and significance of shorthand writers in the imperial and ecclesiastical bureaucracy of the Roman Empire (from the early principate to C. 450 A. D.)
| Main Author: | |
|---|---|
| Format: | Print Book |
| Language: | English |
| Subito Delivery Service: | Order now. |
| Check availability: | HBZ Gateway |
| WorldCat: | WorldCat |
| Interlibrary Loan: | Interlibrary Loan for the Fachinformationsdienste (Specialized Information Services in Germany) |
| Published: |
Amsterdam
Gieben
1985
|
| In: |
Dutch monographs on ancient history and archaeology (1)
Year: 1985 |
| Series/Journal: | Dutch monographs on ancient history and archaeology
1 |
| Standardized Subjects / Keyword chains: | B
Exceptor
/ History 1-450
B Notary / History 1-450 B Exceptor B Notary B Exceptor / Notary / History 27 BC-450 |
| Further subjects: | B
Notarii (Roman officials)
B Exceptores B Cassago Brianza B Rome Politics and government 30 B.C.-476 A.D B Thesis |
MARC
| LEADER | 00000cam a2200000 c 4500 | ||
|---|---|---|---|
| 001 | 1617890286 | ||
| 003 | DE-627 | ||
| 005 | 20251225200937.0 | ||
| 007 | tu | ||
| 008 | 850101s1985 ne ||||| m 00| ||eng c | ||
| 020 | |a 907026577X |9 90-70265-77-X | ||
| 035 | |a (DE-627)1617890286 | ||
| 035 | |a (DE-576)010146520 | ||
| 035 | |a (DE-599)BSZ010146520 | ||
| 035 | |a (OCoLC)13985793 | ||
| 035 | |a (OCoLC)13985793 | ||
| 035 | |a (DE-604)800527821x | ||
| 040 | |a DE-627 |b ger |c DE-627 |e rda | ||
| 041 | |a eng |h dut | ||
| 044 | |c XA-NL | ||
| 050 | 0 | |a KJA2820 | |
| 050 | 0 | |a DG83.5.N68 | |
| 082 | 0 | |a 937.06 | |
| 084 | |a 1 |2 ssgn | ||
| 084 | |a NH 8450 |2 rvk |0 (DE-625)rvk/125812: | ||
| 084 | |a NH 7325 |2 rvk |0 (DE-625)rvk/125773: | ||
| 084 | |a 15.28 |2 bkl | ||
| 084 | |a 15.28 |2 bkl | ||
| 084 | |a 06.18 |2 bkl | ||
| 084 | |a 17.10 |2 bkl | ||
| 084 | |a 18.44 |2 bkl | ||
| 100 | 1 | |0 (DE-588)139609652 |0 (DE-627)612236110 |0 (DE-576)312445598 |4 aut |a Teitler, H. C. |d 1941- | |
| 109 | |a Teitler, H. C. 1941- |a Teitler, Hans C. 1941- |a Teitler, Hans Carel 1941- |a Teitler, Hans 1941- | ||
| 245 | 1 | 0 | |a Notarii and exceptores |b an inquiry into role and significance of shorthand writers in the imperial and ecclesiastical bureaucracy of the Roman Empire (from the early principate to C. 450 A. D.) |c by H. C. Teitler |
| 264 | 1 | |a Amsterdam |b Gieben |c 1985 | |
| 300 | |a IX, 380 S. |b Ill. | ||
| 336 | |a Text |b txt |2 rdacontent | ||
| 337 | |a ohne Hilfsmittel zu benutzen |b n |2 rdamedia | ||
| 338 | |a Band |b nc |2 rdacarrier | ||
| 490 | 1 | |a Dutch monographs on ancient history and archaeology |v 1 | |
| 500 | |a Aus dem Niederländ. übers | ||
| 502 | |a Teilw. zugl.: Diss. | ||
| 651 | 7 | |0 (DE-588)4348551-0 |0 (DE-627)703862464 |0 (DE-576)211471151 |a Cassago Brianza |2 gnd | |
| 653 | 0 | |a Notarii (Roman officials) | |
| 653 | 0 | |a Exceptores | |
| 653 | 0 | |a Rome |a Politics and government |a 30 B.C.-476 A.D | |
| 655 | 7 | |a Hochschulschrift |0 (DE-588)4113937-9 |0 (DE-627)105825778 |0 (DE-576)209480580 |2 gnd-content | |
| 689 | 0 | 0 | |d s |0 (DE-588)4153297-1 |0 (DE-627)105531960 |0 (DE-576)20980226X |2 gnd |a Exceptor |
| 689 | 0 | 1 | |q z |2 gnd |a Geschichte 1-450 |
| 689 | 0 | |5 (DE-627) | |
| 689 | 1 | 0 | |d s |0 (DE-588)4140363-0 |0 (DE-627)105628387 |0 (DE-576)209702168 |2 gnd |a Notarius |
| 689 | 1 | 1 | |q z |2 gnd |a Geschichte 1-450 |
| 689 | 1 | |5 (DE-627) | |
| 689 | 2 | 0 | |d s |0 (DE-588)4153297-1 |0 (DE-627)105531960 |0 (DE-576)20980226X |2 gnd |a Exceptor |
| 689 | 2 | |5 (DE-627) | |
| 689 | 3 | 0 | |d s |0 (DE-588)4140363-0 |0 (DE-627)105628387 |0 (DE-576)209702168 |2 gnd |a Notarius |
| 689 | 3 | |5 (DE-627) | |
| 689 | 4 | 0 | |d s |0 (DE-588)4153297-1 |0 (DE-627)105531960 |0 (DE-576)20980226X |2 gnd |a Exceptor |
| 689 | 4 | 1 | |d s |0 (DE-588)4140363-0 |0 (DE-627)105628387 |0 (DE-576)209702168 |2 gnd |a Notarius |
| 689 | 4 | 2 | |q z |2 gnd |a Geschichte v27-450 |
| 689 | 4 | |5 (DE-627) | |
| 751 | |a Utrecht |0 (DE-588)4062222-8 |0 (DE-627)106133047 |0 (DE-576)209143037 |4 uvp | ||
| 830 | 0 | |a Dutch monographs on ancient history and archaeology |v 1 |9 1 |w (DE-627)12981394X |w (DE-576)010847618 |w (DE-600)271938-1 |x 0924-3550 |7 am | |
| 889 | |w (DE-627)021038848 | ||
| 935 | |a AUGU |a mteo | ||
| 935 | |i mdedup | ||
| 936 | r | v | |a NH 8450 |b Rechtsgeschichte |k Geschichte |k Griechisch-römische Geschichte |k Römische Geschichte |k Teilbereiche der römischen Geschichte |k Rechtsgeschichte |0 (DE-627)1270989502 |0 (DE-625)rvk/125812: |0 (DE-576)200989502 |
| 936 | r | v | |a NH 7325 |b Einzelbeiträge |k Geschichte |k Griechisch-römische Geschichte |k Römische Geschichte |k Römische Kaiserzeit (31 v. Chr. - 476 n.Chr.) |k Einzelbeiträge |0 (DE-627)1271419335 |0 (DE-625)rvk/125773: |0 (DE-576)201419335 |
| 936 | b | k | |a 15.28 |j Römisches Reich |q coli-conc RVK->BK |q https://coli-conc.gbv.de/api/mappings/d5a9b4ad-d4f5-4af1-b621-4b6176ab78ae |0 (DE-627)106405128 |
| 936 | b | k | |a 15.28 |j Römisches Reich |q coli-conc RVK->BK |q https://coli-conc.gbv.de/api/mappings/77b3c911-9246-4695-977a-b939ee41f58d |0 (DE-627)106405128 |
| 936 | b | k | |a 06.18 |j Schrift |j Schreiben |0 (DE-627)106403370 |
| 936 | b | k | |a 17.10 |j Sprache in Beziehung zu anderen Bereichen der Wissenschaft und Kultur |0 (DE-627)106410881 |
| 936 | b | k | |a 18.44 |j Lateinische Sprache |0 (DE-627)106405063 |
| 951 | |a BO | ||
| ELC | |b 1 | ||
| ITA | |a 1 | ||
| LOK | |0 000 xxxxxcx a22 zn 4500 | ||
| LOK | |0 001 3211855564 | ||
| LOK | |0 003 DE-627 | ||
| LOK | |0 004 1617890286 | ||
| LOK | |0 005 20100406114232 | ||
| LOK | |0 008 050819||||||||||||||||ger||||||| | ||
| LOK | |0 040 |a DE-21-32a |c DE-627 |d DE-21-32a | ||
| LOK | |0 541 |e 21407 | ||
| LOK | |0 852 |a DE-21-32a | ||
| LOK | |0 852 1 |c E 1273 f |m p |9 00 | ||
| LOK | |0 935 |a k32a | ||
| LOK | |0 938 |k p | ||
| LOK | |0 939 |a 19-08-05 |b l01 | ||
| LOK | |0 000 xxxxxcx a22 zn 4500 | ||
| LOK | |0 001 3211855572 | ||
| LOK | |0 003 DE-627 | ||
| LOK | |0 004 1617890286 | ||
| LOK | |0 005 20190703123753 | ||
| LOK | |0 008 111013||||||||||||||||ger||||||| | ||
| LOK | |0 040 |a DE-21-45 |c DE-627 |d DE-21-45 | ||
| LOK | |0 541 |e 36107 | ||
| LOK | |0 852 |a DE-21-45 | ||
| LOK | |0 852 1 |c P 8726 |m p |9 00 | ||
| LOK | |0 852 2 |b U14 |9 00 | ||
| LOK | |0 935 |a k045 |a i045 |a inte | ||
| LOK | |0 938 |k p | ||
| LOK | |0 939 |a 13-10-11 |b l01 | ||
| LOK | |0 000 xxxxxcx a22 zn 4500 | ||
| LOK | |0 001 423205359X | ||
| LOK | |0 003 DE-627 | ||
| LOK | |0 004 1617890286 | ||
| LOK | |0 005 20221220155211 | ||
| LOK | |0 008 221215||||||||||||||||ger||||||| | ||
| LOK | |0 035 |a (DE-Tue135-4)zaf-26234 | ||
| LOK | |0 040 |a DE-Tue135-4 |c DE-627 |d DE-Tue135-4 | ||
| LOK | |0 092 |o n | ||
| LOK | |0 689 |a s |0 1826907955 |a nota, notarius | ||
| LOK | |0 689 |a s |0 1826905308 |a lector | ||
| LOK | |0 689 |a s |0 1826907068 |a militia christiana | ||
| LOK | |0 689 |a s |0 1826913203 |a scriptor, scriptum | ||
| LOK | |0 689 |a g |0 1826895442 |a Cassiciacum | ||
| LOK | |0 852 |a DE-Tue135-4 | ||
| LOK | |0 852 1 |9 00 | ||
| LOK | |0 935 |a wumi | ||
| LOK | |0 939 |a 15-12-22 |b l01 | ||
| LOK | |0 000 xxxxxcx a22 zn 4500 | ||
| LOK | |0 001 483040387X | ||
| LOK | |0 003 DE-627 | ||
| LOK | |0 004 1617890286 | ||
| LOK | |0 005 20251218170122 | ||
| LOK | |0 008 251218||||||||||||||||ger||||||| | ||
| LOK | |0 035 |a (DE-4020)wubadaa15506 | ||
| LOK | |0 040 |a DE-4020 |c DE-627 |d DE-4020 | ||
| LOK | |0 092 |o n | ||
| LOK | |0 852 |a DE-4020 | ||
| LOK | |0 852 1 |c M 251 |m p |9 00 | ||
| LOK | |0 935 |a bami | ||
| LOK | |0 938 |k p | ||
| LOK | |0 939 |a 18-12-25 |b l01 | ||
| ORI | |a SA-MARC-ixtheoa001.raw | ||
| REL | |a 1 | ||
| STA | 0 | 0 | |a Notary |
| STB | 0 | 0 | |a Notarius |
| STC | 0 | 0 | |a Notario |
| STD | 0 | 0 | |a Notarius |
| STG | 0 | 0 | |a Notário |
| STH | 0 | 0 | |a Нотариус |
| STI | 0 | 0 | |a Γραμματέας,Notarius,Νοτάριος,Συμβολαιογράφος |
| SUB | |a REL | ||
| SYF | 0 | 0 | |a Cassago,Cassiciacum,Rus Cassiciacum |
| TIM | |a 100000010101_100004501231 |b Geschichte 1-450 | ||



